LEADER 02800oam 2200697 c 450 001 9910915730403321 005 20220221094418.0 010 $a3-8467-6595-3 024 3 $a9783846765951 035 $a(CKB)5450000000037708 035 $a(MiAaPQ)EBC6554275 035 $a(Au-PeEL)EBL6554275 035 $a(OCoLC)1247663626 035 $a(Brill | Fink)9783846765951 035 $a(EXLCZ)995450000000037708 100 $a20220221d2021 uy 0 101 0 $ager 135 $aurcnu|||||||| 181 $ctxt$2rdacontent 182 $cc$2rdamedia 183 $acr$2rdacarrier 200 10$aRaumtexte$eGeorges Perec und die Ra?umlichkeit der Literatur$fJulia Dettke 205 $a1st ed. 210 $aPaderborn$cBrill | Fink$d2021 215 $a1 online resource (341 pages) 311 $a3-7705-6595-9 330 $aWas bedeutet eigentlich literarische Ra?umlichkeit? Julia Dettke entwickelt Analysekategorien, um zu beschreiben, wie es Texten gelingt, sich als von den Lesenden begehbare Ra?ume zu inszenieren. Im Zuge des spatial turn sind eine ganze Reihe von Untersuchungen zu Literatur und Raum erschienen; die spezifisch literarische Ra?umlichkeit ist dabei aber ein weithin blinder Fleck geblieben. Anhand zahlreicher literaturgeschichtlicher Beispiele und in Detailuntersuchungen von Georges Perecs Espe?ces d'espaces (1974) und La Vie mode d'emploi (1978), die auch bislang unvero?ffentlichte Typoskripte aus dem Nachlass des Autors einbeziehen, unterscheidet die Studie drei Ebenen des poetologisch-selbstreflexiven Bezugs von Texten auf Ra?ume: Paratext, Schrift und Seitenraum sowie narrative Transgressionen. Sie stellt somit auch ein Begriffswerkzeug bereit, das u?ber die franzo?sische Avantgardeliteratur hinaus herausarbeitet, wie durch Ra?umlichkeit die literarische Form neu verhandelt wird. 606 $aOulipo 606 $aRaum 606 $aSelbstreflexivita?t 606 $anouveau roman 606 $aSchriftbildlichkeit 606 $aSeitenraum 606 $aBegrenzung 606 $aAvantgarde 606 $aExperimentelle Literatur 606 $aspace 606 $aparatexts 606 $aboundaries 606 $aself-reflexivity 615 4$aOulipo 615 4$aRaum 615 4$aSelbstreflexivita?t 615 4$anouveau roman 615 4$aSchriftbildlichkeit 615 4$aSeitenraum 615 4$aBegrenzung 615 4$aAvantgarde 615 4$aExperimentelle Literatur 615 4$aspace 615 4$aparatexts 615 4$aboundaries 615 4$aself-reflexivity 700 $aDettke$b Julia$4aut$01779278 801 0$bMiAaPQ 801 1$bMiAaPQ 801 2$bMiAaPQ 906 $aBOOK 912 $a9910915730403321 996 $aRaumtexte$94302591 997 $aUNINA LEADER 02117nam 2200601Ia 450 001 9910962239703321 005 20251116175601.0 010 $a1-134-26470-4 010 $a1-134-26471-2 010 $a1-280-15067-X 010 $a0-203-02334-X 024 7 $a10.4324/9780203023341 035 $a(CKB)1000000000250382 035 $a(EBL)214802 035 $a(OCoLC)310464660 035 $a(SSID)ssj0000297706 035 $a(PQKBManifestationID)11246279 035 $a(PQKBTitleCode)TC0000297706 035 $a(PQKBWorkID)10334510 035 $a(PQKB)10398553 035 $a(MiAaPQ)EBC214802 035 $a(Au-PeEL)EBL214802 035 $a(CaPaEBR)ebr10094816 035 $a(CaONFJC)MIL15067 035 $a(OCoLC)61202047 035 $a(EXLCZ)991000000000250382 100 $a20040727d2005 uy 0 101 0 $aeng 135 $aur|n|---||||| 181 $ctxt 182 $cc 183 $acr 200 10$aGlobalizing Roman culture $eunity, diversity and empire /$fRichard Hingley 210 $aLondon ;$aNew York $cRoutledge$d2005 215 $a1 online resource (223 p.) 300 $aDescription based upon print version of record. 311 08$a0-415-35175-8 311 08$a0-415-35176-6 320 $aIncludes bibliographical references and index. 327 $aBOOK COVER; TITLE; COPYRIGHT; CONTENTS; 1 The past in the present; 2 Changing concepts of Roman identity and Social Change; 3 Roman imperialism and culture; 4 The material elements of elite culture; 5 Fragmenting identities; 6 'Back to the future'? Empire and Rome; Notes; References; Index; 330 $aA study of identity and social change in the Roman empire and the relationship of this knowledge to understanding of the contemporary world. 606 $aAcculturation$zRome 607 $aRome$xCivilization$xInfluence 615 0$aAcculturation 676 $a937 700 $aHingley$b Richard$0948280 801 0$bMiAaPQ 801 1$bMiAaPQ 801 2$bMiAaPQ 906 $aBOOK 912 $a9910962239703321 996 $aGlobalizing Roman culture$94488735 997 $aUNINA